000 01245nam a2200313 4500
001 0000024018
003 CO-CtgCURN
005 20250331191038.0
007 ta
008 160627s2013 000 0 eng d
020 _a9789587630718
040 _aCO-CtgCURN
_bspa
_ccoctgcurn
082 0 _a791.437
_bM488
100 1 _aMedellin V., Fabio E.
245 1 0 _aComo apreciar una pelicula? /
_cFabio E. Medellin V.
260 _aBogotá :
_bCorporación Universitaria Minuto de Dios,
_c2013.
300 _a204 p.
336 _2rdacontent
337 _2rdamedia
_asin mediacion
_bn
338 _2rdacarrier
_avolumen
_bnc
500 _aIncluye datos biograficos del autor al final del texto.
504 _aIncluye bibliografia al final de cada capitulo.
505 8 _aDisfrutar la audiovisual -- Proponer en arte -- Realizar peliculas -- Relatar en cine -- Representar la realidad -- Danzar visualmente -- Componer la imagen -- Mirar, esencia del cine -- Simbolizar audiovisualmente -- Apreciar una pelicula -- Filmografia utilizada
650 1 4 _aCine
_xApreciacion.
650 1 4 _aCritica de cine.
908 _a160627
942 _cBK
_h791.437
_iM488
_2ddc
999 _c25628
_d25628